KOÇYİĞİT SEYİT BATTAL GAZİ (Record no. 640802)
[ view plain ]
| 000 -LEADER | |
|---|---|
| sabit uzunluktaki kontrol alanı | 00261nam a2200097Ia 4500 |
| 001 - KONTROL NUMARASI | |
| kontrol alanı | 640802 |
| 005 - EN SON İŞLEMİN TARİH VE ZAMANI | |
| kontrol alanı | 20250826153454.0 |
| 008 - SABİT-UZUNLUKTA VERİ ÖĞELERİ--GENEL BİLGİ | |
| sabit uzunluktaki kontrol alanı | 250824s9999 xx 000 0 und d |
| 245 #0 - ESER / YAZAR | |
| ESER ADI | KOÇYİĞİT SEYİT BATTAL GAZİ |
| Yazar Adı | AHMET YILMAZ BOYUNAĞA |
| 260 ## - YAYIN, DAĞITIM, VB. | |
| YAYIN EVİ | GENÇ TİMAŞ |
| Düşüm durumu | Kayıp durumu | Hasar Durumu | Ödünç verilmez | Ana kütüphane | Geçerli Kütüphane | Edinilen tarih | Toplam ödünç verme sayısı | Barkod | Son görüntüleme tarihi | Fiyatın geçerli olmaya başladığı tarih | Koha materyal türü | Sınıflandırma Kaynağı veya raf şeması | Tam yer numarası |
|---|---|---|---|---|---|---|---|---|---|---|---|---|---|
| ABİDİN SANİYE ERÇAL İLKOKULU | ABİDİN SANİYE ERÇAL İLKOKULU | 24.08.2025 | 10011046 | 26.08.2025 | 26.08.2025 | Books | |||||||
| HOCA AHMET YESEVİ ORTAOKULU | HOCA AHMET YESEVİ ORTAOKULU | 19.02.2026 | 10629404 | 19.02.2026 | 19.02.2026 | Books | Dewey Ondalık Sınıflama | L3 |